000 00832nam a22002655i 4500
001 11480
003 ES-MaACL
005 20230906150117.0
007 t|
008 921217s1992 sp ||||0| spa j
020 _a84-7100-221-3
040 _aM-BN
_bspa
_cM-BN
080 _a964"1907/58"
100 1 _aSalas Larrazábal, Ramón.
_9101762
245 1 3 _aEl protectorado de España en Marruecos /
_cRamón Salas Larrazábal.
260 _aMadrid :
_bMAPFRE,
_cD.L. 1992.
300 _a375 p :
_bmap., gráf ;
_c23 cm.
490 1 _aColección El Magreb ;
_v3
500 _aIndices.
504 _aBibliografía: p. [355]-359.
651 4 _aMarruecos-
_xHistoria-
_y1912-1956, Protectorado español.
_99029
830 0 _aColección El Magreb ;
_v3
_9178985
852 _aES-MaACL
_jL-18805
_bR.124184
999 _c11480
_d11480